[Event "Gibraltar Challengers A 2020"]
[Site "Caleta"]
[Date "2020.01.23"]
[Round "4.11"]
[White "Vinal Gutierrez, Pedro"]
[Black "Zulkipli, Zaidan"]
[Result "0-1"]
[WhiteElo "2069"]
[BlackElo "2174"]
[Annotator "ChessBase"]
[PlyCount "70"]
[EventDate "2020.01.20"]
[EventType "swiss"]
[EventCountry "GGB"]
[SourceTitle "playchess.com"]
[Source "ChessBase"]
[SourceQuality "1"]
[TimeControl "6600+10"]

1. d4 {[%emt 0:00:00]} Nf6 {[%emt 0:07:49]} 2. Bf4 {[%emt 0:00:04]} g6 {[%emt 0:00:02]} 3. e3 {[%emt 0:00:16]} Bg7 {[%emt 0:00:04]} 4. Nf3 {[%emt 0:00:21]} d6 {[%emt 0:00:06]} 5. h3 {[%emt 0:00:16]} O-O {[%emt 0:00:06]} 6. Be2 {[%emt 0:00:46]} Nfd7 {[%emt 0:00:08]} 7. O-O {[%emt 0:01:03]} e5 {[%emt 0:00:08]} 8. Bh2 {[%emt 0:00:54]} Nc6 {[%emt 0:00:38]} 9. d5 {[%emt 0:02:56]} Ne7 {[%emt 0:00:17]} 10. c4 {[%emt 0:01:09]} h6 {[%emt 0:02:27]} 11. Nc3 {[%emt 0:01:38]} f5 {[%emt 0:00:24]} 12. Nd2 {[%emt 0:01:27]} f4 {[%emt 0:00:31]} 13. Bg4 {[%emt 0:01:10]} g5 {[%emt 0:00:28]} 14. Nde4 {[%emt 0:02:35]} Nf6 {[%emt 0:01:47]} 15. Nxf6+ {[%emt 0:00:46]} Rxf6 {[%emt 0:00:08]} 16. Ne4 {[%emt 0:04:19]} Rf8 {[%emt 0:00:03]} 17. Rc1 {[%emt 0:01:50]} Bf5 {[%emt 0:02:21]} 18. Bxf5 {[%emt 0:00:25]} Nxf5 {[%emt 0:00:03]} 19. Qe2 {[%emt 0:07:02]} Qe7 {[%emt 0:02:27]} 20. c5 {[%emt 0:01:43]} Rad8 {[%emt 0:02:04]} 21. Rc4 {[%emt 0:03:24]} Qf7 {[%emt 0:01:39]} 22. cxd6 {[%emt 0:02:34]} cxd6 {[%emt 0:00:18]} 23. Rd1 {[%emt 0:04:27]} Rd7 {[%emt 0:01:04]} 24. Kh1 {[%emt 0:01:10]} Qg6 {[%emt 0:03:06]} 25. g4 {[%emt 0:04:44]} fxg3 {[%emt 0:03:13]} 26. Nxg3 {[%emt 0:01:06]} Rdf7 {[%emt 0:03:18]} 27. Rdc1 {[%emt 0:05:14]} Nxg3+ {[%emt 0:04:17]} 28. Bxg3 {[%emt 0:00:14]} Rf3 {[%emt 0:00:48]} 29. Kg2 {[%emt 0:01:56]} Qf7 {[%emt 0:06:45]} 30. e4 {[%emt 0:02:37]} Qh5 {[%emt 0:00:25]} 31. R1c2 {[%emt 0:02:20]} g4 {[%emt 0:01:20]} 32. hxg4 {[%emt 0:01:13]} Qxg4 {[%emt 0:00:01]} 33. Qe1 {[%emt 0:10:37]} Bf6 {[%emt 0:04:06]} 34. Qh1 {[%emt 0:02:39]} Bg5 {[%emt 0:05:34]} 35. Kh2 {[%emt 0:00:06]} h5 {[%emt 0:00:31]} 0-1

[Event "Gibraltar Challengers A 2020"]
[Site "Caleta"]
[Date "2020.01.23"]
[Round "4.12"]
[White "Nebel, Jens"]
[Black "Stolniceanu, Victor-Dumitru"]
[Result "1-0"]
[WhiteElo "2168"]
[BlackElo "2074"]
[Annotator "ChessBase"]
[PlyCount "73"]
[EventDate "2020.01.20"]
[EventType "swiss"]
[EventCountry "GGB"]
[SourceTitle "playchess.com"]
[Source "ChessBase"]
[SourceQuality "1"]
[TimeControl "6600+10"]

1. e4 {[%emt 0:00:00]} e5 {[%emt 0:00:00]} 2. Nc3 {[%emt 0:00:01]} Nf6 {[%emt 0:00:13]} 3. f4 {[%emt 0:00:07]} d6 {[%emt 0:00:24]} 4. Nf3 {[%emt 0:00:11]} Bg4 {[%emt 0:00:19]} 5. h3 {[%emt 0:05:25]} Bxf3 {[%emt 0:00:13]} 6. Qxf3 {[%emt 0:00:08]} a6 {[%emt 0:01:06]} 7. Bc4 {[%emt 0:03:39]} Nc6 {[%emt 0:00:12]} 8. Ne2 {[%emt 0:05:33]} Na5 {[%emt 0:00:51]} 9. Bd3 {[%emt 0:03:30]} c5 {[%emt 0:00:15]} 10. c3 {[%emt 0:01:24]} c4 {[%emt 0:00:37]} 11. Bc2 {[%emt 0:00:23]} Nc6 {[%emt 0:00:08]} 12. b3 {[%emt 0:09:10]} b5 {[%emt 0:00:35]} 13. bxc4 {[%emt 0:02:41]} bxc4 {[%emt 0:00:09]} 14. Ba4 {[%emt 0:01:05]} Qb6 {[%emt 0:00:20]} 15. Rb1 {[%emt 0:03:28]} Qc7 {[%emt 0:00:12]} 16. fxe5 {[%emt 0:10:39]} dxe5 {[%emt 0:00:19]} 17. Nd4 {[%emt 0:02:05]} exd4 {[%emt 0:01:25]} 18. e5 {[%emt 0:00:14]} Nd7 {[%emt 0:00:35]} 19. Bxc6 {[%emt 0:01:09]} Rd8 {[%emt 0:03:37]} 20. O-O {[%emt 0:00:21]} Rc8 {[%emt 0:01:45]} 21. Qxf7+ {[%emt 0:01:27]} Kd8 {[%emt 0:00:01]} 22. Qxd7+ {[%emt 0:13:32]} Qxd7 {[%emt 0:00:02]} 23. Bxd7 {[%emt 0:00:10]} Kxd7 {[%emt 0:00:10]} 24. cxd4 {[%emt 0:00:10]} Ke6 {[%emt 0:00:30]} 25. Rb6+ {[%emt 0:00:38]} Kd5 {[%emt 0:00:02]} 26. Bb2 {[%emt 0:00:15]} Rc6 {[%emt 0:00:21]} 27. Rb8 {[%emt 0:00:13]} Ba3 {[%emt 0:00:20]} 28. Rxh8 {[%emt 0:00:07]} Bxb2 {[%emt 0:00:15]} 29. Rd8+ {[%emt 0:00:22]} Ke4 {[%emt 0:00:05]} 30. d5 {[%emt 0:00:30]} Rb6 {[%emt 0:02:37]} 31. e6 {[%emt 0:04:25]} Bd4+ {[%emt 0:00:14]} 32. Kh1 {[%emt 0:00:12]} Bc5 {[%emt 0:00:26]} 33. e7 {[%emt 0:00:22]} Bxe7 {[%emt 0:00:12]} 34. Re1+ {[%emt 0:00:06]} Kd3 {[%emt 0:00:16]} 35. Rxe7 {[%emt 0:00:08]} Kxd2 {[%emt 0:00:15]} 36. Rc7 {[%emt 0:00:07]} c3 {[%emt 0:00:06]} 37. Rdc8 {[%emt 0:00:06]} 1-0

[Event "Gibraltar Challengers A 2020"]
[Site "Caleta"]
[Date "2020.01.23"]
[Round "4.13"]
[White "Filipovich, David"]
[Black "Longa Yauca, Javier"]
[Result "0-1"]
[WhiteElo "1995"]
[BlackElo "2154"]
[Annotator "TA"]
[PlyCount "128"]
[EventDate "2020.01.20"]
[EventType "swiss"]
[EventCountry "GGB"]
[SourceTitle "playchess.com"]
[Source "ChessBase"]
[SourceQuality "1"]

{[%evp 16,128,32,35,34,19,50,49,59,55,50,33,33,32,37,33,33,33,37,34,35,36,56,0,43,41,49,58,87,58,89,88,109,113,123,104,124,111,150,116,125,102,100,83,82,66,37,72,78,65,66,78,133,124,131,119,159,151,235,228,438,270,267,266,889,895,887,883,858,854,1058,1054,29983,545,29989,813,779,253,517,67,67,67,67,67,67,67,67,67,67,67,5122,0,43,43,43,8,8,8,8,8,8,-1104,8,8,8,8,8,-29975,-29972,-29977,-29977,-29977,-29978,-29966,-29940]} 1. Nf3 d5 2. g3 Nf6 3. Bg2 c6 4. O-O g6 5. d4 Bg7 6. c4 O-O 7. cxd5 Nxd5 8. e4 Nb6 9. h3 Na6 {D74: Fianchetto Grünfeld: Main Line (5 Nf3 0-0 6 cxd5 Nxd5 7 0-0)} 10. Nc3 c5 {[%cal Rc5d4]} 11. d5 e6 {White is slightly better.} 12. Bg5 f6 (12... Qd7 13. a4 Nb4 14. a5 Nc4 15. Qb3 exd5 16. Nxd5 Nxd5 17. Qxc4 {½-½ (55) Tkachiev,V (2642)-Polgar,J (2680) Moscow 2009}) 13. Bf4 e5 14. Bd2 $146 ({Predecessor:} 14. Bc1 Nc4 15. Qe2 Nd6 16. Nb5 Nxb5 17. Qxb5 b6 18. Rd1 Nc7 19. Qb3 Kh8 20. Be3 Ne8 21. Nd2 Nd6 22. Nc4 Ba6 23. Nxd6 {½-½ (23) Werner,D (2160)-Achtmann,A (1931) Wiesbaden 2012}) 14... Nc4 15. Qe2 Nd6 16. Nb5 $36 {[%mdl 2048] White fights for an advantage.} Nxb5 17. Qxb5 b6 18. a4 Qd6 19. Bc3 ({White should play} 19. Rfc1 $14) 19... Nc7 20. Qb3 $1 Ba6 21. Rfe1 Rfd8 22. Nd2 Rab8 23. Nc4 Bxc4 24. Qxc4 Kh8 25. b4 Bf8 {[%cal Rc5b4]} 26. b5 Rdc8 27. f4 Bg7 28. fxe5 fxe5 29. Rf1 Qe7 30. d6 Qxd6 31. Rad1 Qe6 32. Qxe6 Nxe6 33. Rd7 Rf8 (33... Rd8 $142 34. Rxa7 Rd3 35. Rxg7 Rxc3) 34. Rxa7 $16 Nd4 {Hoping for ...Ne2+.} 35. Rxf8+ Bxf8 36. Bf1 Bh6 (36... c4 $16 37. Kg2 (37. Bxc4 Rc8 $14) 37... Rc8) 37. Bc4 $18 Rf8 $2 (37... Be3+ {keeps fighting.} 38. Kh1 h5) 38. Kg2 Be3 39. Rf7 Ra8 $2 {[#]} (39... Bh6 40. a5 bxa5) 40. a5 $1 {[%mdl 512]} bxa5 41. b6 Rb8 42. b7 Nc6 43. Rc7 Bd4 44. Bd5 (44. Bd2 $142 h5 45. Bg5 Rf8 46. Rxc6 Rf2+ 47. Kh1 Rb2 48. Rc8+ Kg7 49. b8=Q) 44... Na7 45. Bxd4 (45. Bd2 $142 h6 46. Bxh6 Be3 47. Bxe3 Nb5 48. Rc8+ {[%mdl 64] Double Attack} Kh7 49. Rxb8 Nd4 50. Rh8+ $1 {[%mdl 512]} Kg7 51. b8=Q Ne6 52. Bxe6 Kf6 53. Qe8 Kg7 54. Qf8#) 45... cxd4 {[%mdl 4096] Endgame KRB-KRN} 46. Be6 $2 (46. Rc5) 46... a4 $2 (46... Nc6 47. Bd5 (47. Rxc6 Rxb7 48. Ra6 Rb5 $18) 47... Na7) 47. Rc8+ $2 (47. Kf3 $18) 47... Nxc8 $14 48. bxc8=Q+ Rxc8 49. Bxc8 {KB-KP} a3 {And now ...a2 would win.} 50. Be6 Kg7 51. Kf3 Kf6 52. Bg8 h5 $2 {[%mdl 8192]} (52... Ke7 $14) 53. Ke2 $2 (53. h4 $1 $18 Ke7 54. Ke2) 53... h4 54. gxh4 Kg7 55. Bd5 Kh6 56. Kd3 Kh5 57. Kc2 Kxh4 58. Bf7 $2 {[%mdl 8192] [#]} (58. Be6 $11) 58... g5 $2 (58... d3+ $1 $19 59. Kxd3 Kxh3) 59. Be6 $11 Kg3 60. Kb3 Kf4 {Strongly threatening ...d3.} 61. Bf5 $2 {[%mdl 8192]} (61. Kxa3 $11 Kxe4 62. Kb3) 61... d3 {Black mates.} 62. Kxa3 {[#]} d2 $1 {[%cal Rd2d1]} 63. Bg4 Kxe4 64. Kb2 Kd3 {Accuracy: White = 49%, Black = 37%.} 0-1

[Event "Gibraltar Challengers A 2020"]
[Site "Caleta"]
[Date "2020.01.23"]
[Round "4.14"]
[White "Lipecki, Alexander"]
[Black "Raghav, Srivathsav V"]
[Result "0-1"]
[WhiteElo "2152"]
[BlackElo "2023"]
[Annotator "TA"]
[PlyCount "64"]
[EventDate "2020.01.20"]
[EventType "swiss"]
[EventCountry "GGB"]
[SourceTitle "playchess.com"]
[Source "ChessBase"]
[SourceQuality "1"]

{[%evp 15,64,25,20,17,15,8,0,0,0,-25,0,-11,-13,-17,-5,-20,-11,-30,47,0,27,-6,0,-47,-46,-81,-40,-88,-83,-260,-263,-351,-357,-346,-304,-301,-303,-289,-292,-435,-435,-429,-427,-423,-421,-454,-439,-560,-558,-535,-530]} 1. e4 d6 2. d4 Nf6 3. Nc3 g6 4. Nf3 Bg7 5. Be2 O-O 6. O-O c6 7. h3 Qc7 8. Be3 e5 9. Qc1 $146 {B08: Pirc Defence: Classical System} ({Predecessor:} 9. dxe5 dxe5 10. Qc1 Nh5 11. Rd1 Nf4 12. Bf1 Nd7 13. a4 Re8 14. g3 Ne6 15. Bc4 Nd4 16. Nxd4 exd4 17. Bxd4 Bxd4 18. Rxd4 {½-½ (28) Preotu,R (2524)-Stremavicius,T (2465) Dallas 2018}) 9... b5 10. a3 Bb7 11. Bh6 {The position is equal.} Nbd7 12. Qg5 a6 13. Rad1 Bxh6 14. Qxh6 exd4 15. Rxd4 {Hoping for Rfd1.} c5 16. Rd2 {Threatening Ng5.} Nxe4 (16... b4 $11 17. axb4 cxb4) 17. Nxe4 $14 Bxe4 18. Qf4 Rae8 19. Ng5 Ba8 $36 {[%mdl 2048] Black has the initiative.} 20. Rxd6 f6 21. Rfd1 {[#] Black must now prevent Bg4.} ({Don't blunder} 21. Bf3 $2 Ne5 $19) 21... Ne5 $1 ({Reject} 21... Rxe2 22. Nxh7 Rfe8 23. Nxf6+ Nxf6 24. Qxf6 $11) 22. Nf3 $2 (22. Ne6 $17 Rxe6 23. Rxe6 Nf3+ {[%mdl 64] Discovered Attack} 24. Qxf3 Bxf3 25. Bxf3) 22... Nf7 $1 $19 {[%csl LRd6,LRe2][%mdl 64] Discovered Attack} 23. Bc4 bxc4 24. Qxc4 Rd8 25. Rxd8 Rxd8 26. Rxd8+ Qxd8 27. Qxc5 (27. Nh2 {keeps fighting.}) 27... Qd1+ {[%mdl 64] [#] Double Attack. Black is clearly winning.} 28. Kh2 Bxf3 29. gxf3 Qxf3 30. c4 Kg7 31. Qa7 Qf4+ 32. Kg1 Qxc4 {Accuracy: White = 16%, Black = 62%.} 0-1

[Event "Gibraltar Challengers A 2020"]
[Site "Caleta"]
[Date "2020.01.23"]
[Round "4.15"]
[White "Royset, Pal"]
[Black "Erdogan, Hassan"]
[Result "1-0"]
[WhiteElo "2151"]
[BlackElo "1830"]
[Annotator "TA"]
[PlyCount "79"]
[EventDate "2020.01.20"]
[EventType "swiss"]
[EventCountry "GGB"]
[SourceTitle "playchess.com"]
[Source "ChessBase"]
[SourceQuality "1"]

{[%evp 9,79,22,23,3,47,37,44,45,94,92,84,88,85,62,113,105,101,64,69,63,75,33,37,44,52,53,57,57,70,26,31,16,18,6,12,10,25,11,22,0,25,0,10,0,0,-6,0,-8,-8,-13,18,21,8,-28,22,20,13,-50,94,10,402,366,443,395,783,746,29978,29978,29978,29950,29989,29990]} 1. e4 c5 2. Nc3 Nc6 3. Bb5 a6 4. Bxc6 dxc6 5. d3 (5. Nf3 Qc7 6. d3 e5 7. h3 Ne7 8. Be3 Ng6 9. O-O Be7 10. Na4 b6 11. b4 cxb4 12. Nxb6 {1-0 (42) Guseinov,G (2646)-Tissir,M (2381) Riadh 2017}) 5... e5 6. Nf3 {B23: Closed Sicilian: Lines without g3} Bg4 (6... Bd6 {seems wilder.} 7. Be3 b6 8. Ne2 Ne7 9. O-O O-O) 7. h3 Bxf3 $1 8. Qxf3 {White is slightly better.} Be7 $146 ({Predecessor:} 8... Qb6 9. O-O Nf6 10. Nd1 Nd7 11. Ne3 h6 12. a4 g6 13. Nc4 Qc7 {1-0 (55) Schuetze,M (1853)-Zschorsch,P (1968) Freudenstadt 2015}) 9. Qg3 Bf6 10. Be3 b6 11. Na4 Ne7 {[#]} (11... a5 $14) 12. b4 $1 $16 {[%mdl 512]} cxb4 13. Nxb6 Rb8 14. Nc4 {aiming for d4.} Ng6 15. Bc5 {Threatens to win with Nd6+.} Be7 16. Ba7 Rb7 17. Be3 O-O 18. O-O ({Wrong is} 18. Nxe5 $2 Bh4 $19) 18... Rb5 19. Rab1 a5 20. Qg4 a4 21. Rfd1 Qb8 22. g3 Qc8 23. Qf5 Rd8 24. h4 Nf8 25. Kg2 g6 26. Qf3 h5 27. Qe2 Ne6 28. Rf1 Qd7 29. f3 b3 30. cxb3 axb3 31. a4 Rbb8 (31... Rb4 $5 {[%cal Rd7d3]} 32. Nxe5 Qd6 $11) 32. Nxe5 Qd6 $1 {[%cal Rd6e5]} 33. d4 ({White should play} 33. f4 $11) 33... Kg7 (33... c5 $15 {stays ahead.} 34. Nc4 Nxd4 35. Bxd4 Qxd4) 34. Rfd1 (34. f4 $16) 34... f6 $2 {[%mdl 8192] [#]} (34... c5 $11 {and Black has nothing to worry.}) 35. Bh6+ $1 $18 {[%mdl 512]} Kg8 (35... Kxh6 36. Nf7+) 36. Nxg6 Nxd4 $2 (36... Kh7 37. Bf4 {[%mdl 64] Skewer} Nxf4+ 38. Nxf4 Rg8) 37. Qc4+ Kh7 38. Qf7+ {[%mdl 64] Double Attack. White mates.} Kxh6 39. Nxe7 {[%csl Ge7][%cal Rf7g6]} f5 {[#]} 40. Nxf5+ {Played: Rd1xd4} 1-0

[Event "Gibraltar Challengers A 2020"]
[Site "Caleta"]
[Date "2020.01.23"]
[Round "4.16"]
[White "Meszaros, Andras"]
[Black "Ankitha Goud Palle"]
[Result "1/2-1/2"]
[WhiteElo "2244"]
[BlackElo "1761"]
[Annotator "TA"]
[PlyCount "56"]
[EventDate "2020.01.20"]
[EventType "swiss"]
[EventCountry "GGB"]
[SourceTitle "playchess.com"]
[Source "ChessBase"]
[SourceQuality "1"]

{[%evp 9,56,0,14,-3,2,-8,21,17,23,30,19,0,0,-21,0,8,24,-4,41,29,29,43,48,33,36,15,26,16,70,66,89,90,89,60,50,54,60,10,12,11,44,18,13,-18,0,0,0,0,770]} 1. e4 e6 2. b3 d5 3. Bb2 c5 4. exd5 exd5 5. Bb5+ Bd7 6. Qe2+ {B20: Sicilian: Unusual White 2nd moves} Qe7 {[#] Threatens to win with ...Bxb5.} 7. Nc3 (7. Bxd7+ {with more complications.} Nxd7 8. d4 Ngf6 9. dxc5 Qxe2+ 10. Nxe2 Bxc5 11. Nbc3) 7... Qxe2+ (7... d4 {keeps more tension.} 8. Bxd7+ Kxd7 9. Nd5 Qxe2+ 10. Nxe2 Nc6) 8. Ngxe2 (8. Bxe2 d4 9. Nb5 Kd8 10. c3 a6 11. Na3 dxc3 12. dxc3 Nc6 {1-0 (33) Aronian,L (2752)-Van Wely,L (2647) Monte Carlo 2006}) 8... d4 9. Bxd7+ Kxd7 10. Ne4 $146 ({Predecessor:} 10. Nb5 a6 11. Na3 Nc6 12. c3 Re8 {½-½ (35) Murphy,H (2167)-Ivell,N (2236) England 2015}) 10... Nc6 11. d3 Nh6 12. c3 {[%cal Rc3d4]} f5 13. N4g3 {[%cal Rc3d4]} Re8 14. O-O $36 {[%cal Rc3d4][%mdl 2048] Black is under pressure.} dxc3 15. Bxc3 Rg8 16. d4 g5 {Threatening ...f4.} 17. Rfe1 cxd4 18. Nxd4 Bg7 (18... Rxe1+ $11 19. Rxe1 Bg7) 19. Red1 $14 Kc8 20. Nxc6 Bxc3 21. Rac1 (21. Nxa7+ {feels hotter.} Kb8 22. Rac1 f4 23. Nb5 fxg3 24. Nxc3 gxf2+ 25. Kxf2 Re5 26. Nd5) 21... bxc6 22. Rxc3 Rg6 23. h3 f4 24. Nf1 Re2 25. Rdc1 Kc7 {The position is equal.} 26. a3 Rge6 27. b4 Ng8 28. g3 R2e3 $2 {[%mdl 40960] Accuracy: White = 43%, Black = 44%. . An unexpected result.} (28... Ne7 $11) 1/2-1/2

[Event "Gibraltar Challengers A 2020"]
[Site "Caleta"]
[Date "2020.01.23"]
[Round "4.17"]
[White "Tejaswini, Sagar"]
[Black "Lung, Liviu-Catalin"]
[Result "1/2-1/2"]
[WhiteElo "2180"]
[BlackElo "2041"]
[Annotator "TA"]
[PlyCount "93"]
[EventDate "2020.01.20"]
[EventType "swiss"]
[EventCountry "GGB"]
[SourceTitle "playchess.com"]
[Source "ChessBase"]
[SourceQuality "1"]

{[%evp 18,93,64,48,74,67,68,58,86,36,45,8,19,3,36,0,0,-47,-45,-58,-47,-50,-53,-40,-36,-146,-141,-137,-133,-136,-128,-141,-85,-121,-110,-159,-145,-170,-166,-179,-180,-176,-198,-190,-141,-191,-148,-252,-252,-252,-252,-252,-247,-242,-95,-97,-82,-95,-96,-89,-89,-101,-77,-72,-79,-81,0,0,0,0,0,0,0,0,0,0,0,-6]} 1. e4 c6 2. d4 g6 3. Nc3 d5 4. Nf3 Bg7 5. h3 dxe4 6. Nxe4 Nd7 7. Bc4 Ngf6 8. Nxf6+ Nxf6 9. O-O O-O 10. Bf4 Qb6 {B15: Caro-Kann: 3 Nc3: 3...g6 and 3...dxe4 4 Nxe4 Nf6 5 Nxf6+ exf6} (10... b6 11. Re1 Bb7 12. Qe2 e6 13. Rad1 Qe7 14. Bb3 Rfe8 15. c4 Rad8 16. Qc2 Nh5 17. Bh2 c5 18. d5 {1-0 (40) Pap,M (2483)-Pezerovic,E (2423) Bad Woerishofen 2016}) 11. Bb3 a5 12. a4 Bd7 $146 {White is slightly better.} ({Predecessor:} 12... Nd5 13. Be5 Bh6 14. Re1 Re8 {½-½ (41) Kahlenberg,J (2056)-Schmidt Brauns,J (2149) Verden 2015}) 13. Ne5 Rad8 14. Nc4 Qa6 15. Ne3 c5 16. d5 Ne4 17. c3 e5 18. Bh2 Nd6 $1 19. Re1 c4 20. Ba2 f5 21. b3 ({White should play} 21. f4 $1 $15 Rfe8 22. Re2) 21... cxb3 $17 22. Qxb3 Rc8 23. Rac1 f4 24. Nd1 b5 ({Better is} 24... e4 $1 25. c4 Bd4) 25. axb5 Qxb5 26. c4 Qc5 27. Nb2 e4 28. Na4 Bxa4 $1 29. Qxa4 Bd4 30. Rc2 e3 31. f3 {[#]} Nb5 $1 {[%mdl 512] White must now prevent ...Nc3.} 32. cxb5 (32. Qxa5 $17 Nc3 33. Qxc5 Rxc5 34. Kf1) (32. Qxb5 Qxb5) 32... Qxc2 $19 33. d6+ Rf7 $1 {( -> ...Qf2+)} 34. Qxc2 Rxc2 35. d7 {[#]} e2+ (35... Bb6 $1 $19 36. Be6 Kf8 37. d8=Q+ Bxd8 38. Bxf7 Kxf7 39. Bxf4 Bb6) 36. Kh1 $17 Bb6 37. Bxf7+ Kxf7 {[%mdl 4096] Endgame KRB-KRB} 38. Bg1 Bd8 {Hoping for ...Ke6.} 39. b6 Rb2 40. Bd4 Rb4 41. Bc3 {[#]} Rxb6 (41... Rb5 $1 $17 42. Rxe2 Bxb6) 42. Bxa5 $11 {The position is equal.} Rb8 43. Bxd8 Rxd8 44. Rxe2 Rxd7 45. Kg1 Kf6 46. Kf2 h5 47. Ra2 {Accuracy: White = 56%, Black = 63%.} 1/2-1/2

[Event "Gibraltar Challengers A 2020"]
[Site "Caleta"]
[Date "2020.01.23"]
[Round "4.18"]
[White "Godoy Olazabal, Artur"]
[Black "Cannon, Richard J"]
[Result "0-1"]
[WhiteElo "2154"]
[BlackElo "1990"]
[Annotator "TA"]
[PlyCount "70"]
[EventDate "2020.01.20"]
[EventType "swiss"]
[EventCountry "GGB"]
[SourceTitle "playchess.com"]
[Source "ChessBase"]
[SourceQuality "1"]

{[%evp 18,70,25,18,44,40,42,29,72,58,81,26,23,32,29,27,27,6,4,17,21,-26,0,-35,-19,-89,-60,-106,-101,-118,-114,-117,-122,-426,-431,-458,-337,-375,-373,-360,-370,-429,-425,-550,-400,-400,-400,-400,-399,-392,-385,-351,-351,-377,-376]} 1. e4 e6 2. d4 d5 3. Nd2 Nf6 4. e5 Nfd7 5. c3 c5 6. f4 cxd4 (6... Nc6 7. Ndf3 cxd4 {½-½ (10) Cvijic,N (2104)-Gavric,M (2368) Banja Dvorovi 2018}) 7. cxd4 Nc6 8. Ndf3 Nb6 9. Bd3 Bd7 10. Ne2 Rc8 {C05: French Tarrasch: 3...Nf6 4 e5 Nfd7, 5 f4 and 5 Bd3 sidelines} 11. O-O Nb4 12. Bb1 Ba4 $146 {White has an edge.} ({Predecessor:} 12... Bb5 13. a3 Bxe2 14. Qxe2 Nc6 15. f5 exf5 16. Bxf5 {1-0 (32) Den Hartog,M (2220)-Grabow,P (2092) Lueneburg 2016}) 13. b3 Bb5 14. f5 {[#]} (14. a3 $16 Nc6 15. f5) 14... Rxc1 $1 $11 {[%mdl 512]} 15. Nxc1 {Strongly threatening Ne2.} (15. Qxc1 Bxe2) 15... Bxf1 16. Qxf1 exf5 17. a3 Nc6 18. Bxf5 g6 19. Bc2 Bh6 {And now ...Nxd4! would win.} 20. Qd3 f6 21. Ne2 (21. Qe2 $1 $11 {was the only way to keep the balance.}) 21... Qe7 {[%cal Rf6e5]} 22. Re1 O-O {[%cal Rf6e5]} ({Much weaker is} 22... Qxa3 $6 23. exf6 O-O 24. Ne5 $15) 23. Nc3 fxe5 24. dxe5 Qxa3 25. Nxd5 $2 {[%mdl 8192]} (25. Na4 $17) 25... Qc5+ $19 {[%mdl 64] [#] Double Attack} 26. Ne3 Nb4 27. Qd4 Bxe3+ $1 28. Rxe3 Qxc2 29. Qxb4 Nd5 $1 {[%csl LRb4,LRe3][%mdl 64] Double Attack} 30. Qe4 Nxe3 31. Qxe3 {Black is winning.} Rc8 32. Qxa7 Qc5+ 33. Qxc5 Rxc5 34. Kf2 Rb5 35. Nd4 Rxe5 {Accuracy: White = 25%, Black = 65%.} 0-1

[Event "Gibraltar Challengers A 2020"]
[Site "Caleta"]
[Date "2020.01.23"]
[Round "4.19"]
[White "Voiteanu, Gabriel"]
[Black "Bujakevich, Aleksandr"]
[Result "1-0"]
[WhiteElo "2133"]
[BlackElo "2014"]
[Annotator "TA"]
[PlyCount "53"]
[EventDate "2020.01.20"]
[EventType "swiss"]
[EventCountry "GGB"]
[SourceTitle "playchess.com"]
[Source "ChessBase"]
[SourceQuality "1"]

{[%evp 13,53,43,45,46,70,60,80,80,81,63,47,60,129,95,112,100,125,107,163,162,134,114,187,191,184,190,201,168,276,284,281,268,490,304,976,993,973,903,1242,1193,1915,1732]} 1. d4 Nf6 2. c4 g6 3. Nc3 Bg7 4. e4 d6 5. Be2 O-O 6. Be3 e5 7. d5 Na6 8. g4 {E73: King's Indian: Averbakh Variation without 6...c5} Nc5 9. f3 $1 Ne8 10. h4 {White is better.} f5 11. exf5 $146 ({Predecessor:} 11. g5 fxe4 12. fxe4 Rf4 13. Bxf4 exf4 14. Qd2 a6 15. Nf3 b5 16. Qxf4 {½-½ (89) Ganguly,S (2650)-Melkumyan,H (2633) Riadh 2017}) 11... gxf5 12. g5 b6 (12... e4 $14) 13. Nh3 f4 14. Bxc5 $1 dxc5 15. Ne4 Bf5 (15... Nd6 $16) 16. Nhf2 $18 Nd6 17. Bd3 Qd7 (17... b5 $16) 18. Nxd6 cxd6 19. Bxf5 Rxf5 20. Ne4 Kf7 (20... Bf8 $142 21. Nf6+ Rxf6 22. gxf6 Qf5) 21. Qc2 Ke7 22. O-O-O Rf7 $2 {[#]} (22... Rg8 {might work better.} 23. h5 Rff8) 23. h5 h6 $2 (23... Rg8 24. g6 hxg6 25. hxg6 Rff8) 24. gxh6 {White is clearly winning.} Bxh6 25. Rdg1 Kd8 26. Rg8+ Bf8 27. Ng5 {Accuracy: White = 89%, Black = 22%.} 1-0

[Event "Gibraltar Challengers A 2020"]
[Site "Caleta"]
[Date "2020.01.23"]
[Round "4.20"]
[White "Burke, Mitchell R"]
[Black "Lopez Gonzalez, Alfonso"]
[Result "0-1"]
[WhiteElo "2001"]
[BlackElo "2199"]
[Annotator "TA"]
[PlyCount "40"]
[EventDate "2020.01.20"]
[EventType "swiss"]
[EventCountry "GGB"]
[SourceTitle "playchess.com"]
[Source "ChessBase"]
[SourceQuality "1"]

{[%evp 9,80,-4,0,-11,8,-19,-16,-20,-10,-25,-14,-12,-23,-21,-23,-44,-40,-54,-33,-89,-46,-41,-47,-80,-85,-83,-79,-99,-83,-83,-96,-109,-119,-108,-84,-178,-160,-237,-227,-198,-185,-239,-123,-118,0,0,230,50,66,0,0,0,0,-724,-834,-822,-811,-795,-795,-1041,-1109,-1097,-1095,-1051,-1042,-1547,-1501,-29970,-29971,-29970,-29971,-29969,-29959]} 1. e4 c5 2. Nc3 e6 3. f4 d5 4. Nf3 d4 5. Ne2 Nc6 6. d3 {B23: Closed Sicilian: Lines without g3} f6 (6... g6 7. g3 Bg7 8. Bg2 Nge7 9. O-O O-O 10. Bd2 a5 11. a4 f5 12. Kh1 h6 13. Nh4 Kh7 14. Ng1 Bd7 15. b3 Nb4 16. Bxb4 cxb4 17. Qe2 {½-½ (34) Short,N (2652)-Shyam,S (2505) Douglas 2018}) 7. g4 e5 8. f5 {The position is equal.} Nh6 $146 ({Predecessor:} 8... Qa5+ 9. c3 Bd7 10. Bd2 Qb6 11. Qc2 a5 {½-½ (11) Nogrady,V (2220)-Toth,L (2211) Hungary 2009}) 9. Rg1 Nf7 10. g5 Bd7 11. gxf6 gxf6 12. Ng3 Qe7 13. Nh5 O-O-O 14. h4 (14. Qe2 $15) 14... Kb8 15. Nh2 Be8 16. Be2 {[#]} c4 $1 {[%mdl 512]} 17. Kf1 (17. dxc4 Nd6) 17... Nd6 18. Qe1 Rd7 19. a3 Qd8 20. Bd2 {[#]} Rc7 {Played: c4-c3} 0-1